00560nam a2200181 a 4500001001300000003000900013005001700022008004100039020001000080082001500090245005400105260005900159300000900218500003500227505005500262650003000317710003100347nice12345678IN_TiNIC20260116011409.0050524s1937 naga grp 000 0 eng  ac10000a275.4bNCC aProceedings of the Seventh Meeting of the N C C . aNagpurbNational Christian Council & Christian Mc1937 a102p aincludes index and biblioraphy2 aMeeting of the N C C Nagpur Dec,28,1939-Jan 2,1940 aNcci-Conference 1936-19402 aNational Christian Council